000 00328nam a2200133Ia 4500
005 20260328101445.0
008 260328s9999||||xx |||||||||||||| ||und||
100 _aRiegl, Alois
245 0 _aHistórical grammar of the Visual arts /
_cAlois Riegl
260 _bZone Books
300 _a495 p.
650 _aHISTORIA
942 _cBK
999 _c8439
_d8439